| 000 | 00363nam a2200145Ia 4500 | ||
|---|---|---|---|
| 008 | 220216s9999 xx 000 0 und d | ||
| 100 | _aWay G B | ||
| 245 | 0 | _aADOTs use of crumb rubber in asphalt pavements | |
| 260 |
_bRubber India _c1998 |
||
| 300 | _a11-Sep | ||
| 650 | _aAsphalt pavements | ||
| 650 | _aCrumb rubber | ||
| 700 | _aArizona P E | ||
| 942 | _cJS | ||
| 999 |
_c53845 _d53845 |
||